000 01389nam a2200337 c 4500
003 BLK
005 20250606133542.0
008 180408b bul|||||r ||||||| ||bul||
010 _aKNG00092790000
020 _a978-954-9415-48-3
_bиздат.: Водолей
040 _aBLK
041 _aBUL
_cBUL
080 _aБългарска литература
_b821.163.2
_x-311.6
_z821.163.2-311.6
100 1 _aХристозов, Петър
_eпърви автор
_9370891
700 1 _aВълчев, Христо Димитров
_e*
_9366782
139 _aХристозов, Петър
_bХ 82
245 1 0 _aЖивият Гешев
_bПолит. роман
_cПетър Христозов; * Христо Димитров Вълчев.
250 _a3. прераб. и доп. изд.
257 _aBGR
260 София
_bВодолей
_c2009
_fСофия : Атика
300 _a264 с.
_bсъс сн.
_c20 см
380 _aX
500 _aПетър Христозов - псевд. на Христо Димитров Вълчев. - 1. изд. 2002 на изд. Световит. - Офс. изд.
653 _aполитически романи
852 _aЦб 246083
856 4 _qpdf
_u
856 4 _qpdf
_u
942 _cKNG
_n0
_019
944 _aCR
_c25.11.2009
_lЦветомила Тодорова
_k30576
944 _aED
_c22.02.2011
_lф /
_k
999 _c88134
_d88134